Feliz cumpleanos, Martin Luther King / (Record no. 21593)

MARC details
000 -LEADER
fixed length control field 02212cam a2200409 a 4500
001 - CONTROL NUMBER
control field 29666790
003 - CONTROL NUMBER IDENTIFIER
control field OCoLC
005 - DATE AND TIME OF LATEST TRANSACTION
control field 20181118171809.0
008 - FIXED-LENGTH DATA ELEMENTS--GENERAL INFORMATION
fixed length control field 940121s1993 nyu j 000 0bspa d
020 ## - INTERNATIONAL STANDARD BOOK NUMBER
International Standard Book Number 059047507X
Qualifying information paperback
Terms of availability $4.95
020 ## - INTERNATIONAL STANDARD BOOK NUMBER
International Standard Book Number 9780590475075
Qualifying information paperback
040 ## - CATALOGING SOURCE
Original cataloging agency SPP
Language of cataloging eng
Transcribing agency SPP
Modifying agency OCL
-- DMP
041 1# - LANGUAGE CODE
Language code of text/sound track or separate title spa
Language code of original eng
090 ## - LOCALLY ASSIGNED LC-TYPE CALL NUMBER (OCLC); LOCAL CALL NUMBER (OCLC)
Classification number (OCLC) (R) ; Classification number, CALL (RLIN) (NR) E185.97.K5
Local cutter number (OCLC) ; Book number/undivided call number, CALL (RLIN) M34517 1993
092 ## - LOCALLY ASSIGNED DEWEY CALL NUMBER (OCLC)
Classification number 323.092
Item number Mar
100 1# - MAIN ENTRY--PERSONAL NAME
Personal name Marzollo, Jean.
Authority record control number http://id.loc.gov/authorities/names/n79103878.
240 10 - UNIFORM TITLE
Uniform title <a href="Happy birthday, Martin Luther King.">Happy birthday, Martin Luther King.</a>
Language of a work Spanish
Authority record control number http://id.loc.gov/authorities/names/no98074662.
245 10 - TITLE STATEMENT
Title Feliz cumpleanos, Martin Luther King /
Statement of responsibility, etc. por Jean Marzollo ; illustrado por J. Brian Pinkney ; traducio por Dr. Alberto Romo.
260 ## - PUBLICATION, DISTRIBUTION, ETC. (IMPRINT)
Place of publication, distribution, etc. New York :
Name of publisher, distributor, etc. Scholastic Inc.,
Date of publication, distribution, etc. 1993.
264 #1 - PRODUCTION, PUBLICATION, DISTRIBUTION, MANUFACTURE, AND COPYRIGHT NOTICE
Place of production, publication, distribution, manufacture New York :
Name of producer, publisher, distributor, manufacturer Scholastic Inc.,
Date of production, publication, distribution, manufacture, or copyright notice 1993.
300 ## - PHYSICAL DESCRIPTION
Extent 32 unnumbered pages :
Other physical details color illustrations ;
Dimensions 28 cm.
336 ## - CONTENT TYPE
Content type term text
Content type code txt
Source rdacontent.
337 ## - MEDIA TYPE
Media type term unmediated
Media type code n
Source rdamedia.
338 ## - CARRIER TYPE
Carrier type term volume
Carrier type code nc
Source rdacarrier.
385 ## - AUDIENCE CHARACTERISTICS
Demographic group code age
Audience term Children
Source lcdgt.
500 ## - GENERAL NOTE
General note Translation of: Happy birthday, Martin Luther King.
520 ## - SUMMARY, ETC.
Summary, etc. An introduction to a great civil rights leader.
600 10 - SUBJECT ADDED ENTRY--PERSONAL NAME
Personal name King, Martin Luther,
Titles and other words associated with a name Jr.,
Dates associated with a name 1929-1968
Authority record control number http://id.loc.gov/authorities/names/n79084324
Form subdivision Juvenile literature.
Authority record control number http://id.loc.gov/authorities/subjects/sh99001674.
650 #0 - SUBJECT ADDED ENTRY--TOPICAL TERM
Topical term or geographic name as entry element African Americans
Form subdivision Biography
-- Juvenile literature.
Authority record control number http://id.loc.gov/authorities/subjects/sh2007100203.
650 #0 - SUBJECT ADDED ENTRY--TOPICAL TERM
Topical term or geographic name as entry element Civil rights workers
Geographic subdivision United States
Form subdivision Biography
-- Juvenile literature.
Authority record control number http://id.loc.gov/authorities/subjects/sh2008101054.
650 #0 - SUBJECT ADDED ENTRY--TOPICAL TERM
Topical term or geographic name as entry element Baptists
Geographic subdivision United States
General subdivision Clergy
Form subdivision Biography
-- Juvenile literature.
Authority record control number http://id.loc.gov/authorities/subjects/sh2007101891.
650 #0 - SUBJECT ADDED ENTRY--TOPICAL TERM
Topical term or geographic name as entry element Civil rights workers
Authority record control number http://id.loc.gov/authorities/subjects/sh85026385
Form subdivision Juvenile literature.
Authority record control number http://id.loc.gov/authorities/subjects/sh99001674.
655 #7 - INDEX TERM--GENRE/FORM
Genre/form data or focus term Biographies.
Source of term lcgft
Authority record control number http://id.loc.gov/authorities/genreForms/gf2014026049.
655 #7 - INDEX TERM--GENRE/FORM
Genre/form data or focus term Literature.
Source of term lcgft
Authority record control number http://id.loc.gov/authorities/genreForms/gf2014026415.
700 1# - ADDED ENTRY--PERSONAL NAME
Personal name Pinkney, J. Brian.
Authority record control number http://id.loc.gov/authorities/names/n84181260.
942 ## - ADDED ENTRY ELEMENTS (KOHA)
Koha item type Libro/Book
Source of classification or shelving scheme Dewey Decimal Classification
Holdings
Withdrawn status Lost status Damaged status Not for loan Home library Current library Shelving location Date acquired Inventory number Total Checkouts Full call number Barcode Date last seen Date checked out Price effective from Koha item type Source of classification or shelving scheme
        Monte Cristo -- Satellite Monte Cristo -- Satellite   14/05/2019       40201771 14/05/2019   14/05/2019 Libro/Book Dewey Decimal Classification
        San Jeronimo -- Satellite San Jeronimo -- Satellite   14/05/2019 inventory date: 14-1-25 2 JES 35901654 28/06/2023 15/05/2023 14/05/2019 Libro/Book  
        San Juan Del Sur -- Biblioteca San Juan Del Sur -- Biblioteca Children's Area 18/04/2014 Inventory date: 15-5-25 1 CAJA ESPANOL 30003125 23/01/2020 22/01/2020 18/04/2014 Libro/Book  

Powered by Koha